01237nam1a22002531i 4500001001100000005001700011035002600028100004100054101000800095102000700103105001800110200026900128210004100397215000700438606007300445606006900518606012100587702003400708702003000742712014600772801001800918801002200936852002500958rc\399285620260407215032.0 a(NLR Aleph) 008068668 a20130415d1955 |||y0rusy50 ca0 arus aRU ay z |||||1 aСборник в помощь работникам учреждений народного образованияfПод ред. И.С. Кузнецова и С.И. НаумоваgМ-во просвещения РСФСР. План.-фин. упр. Вып. 1- aМоскваcУчпедгизd1955 d22 aШколаxУчет и отчетностьjСборники2psbo aШколаxФинансированиеjСборники2psbo aРаботники просвещенияxТрудовое законодательствоjСборники2psbo 1aКузнецовbИ.С.4340 1aНаумовbС.И.434001aРСФСРbМинистерство просвещенияbПланово-финансовое управление3RU\NLR\AUTH\8810144908 0aRUbNLRgpsbo 1aRUbELAR2rusmarc aNLRjПр20 Г-5/689